000 00614nam a22002057a 4500
008 240620b mp ||||| |||| 00| 0 mon d
035 _a8308
040 _aUM0146080
_bmon
_cMN-UlNLM
_dMN-UlNLM
_erda
041 _amon
042 _a16575
084 _2NNA
_a84/7Кол/
_bМ263
100 _aМаркес Г Г
245 0 _aЗуун жилийн ганцаардал
264 _aУлаанбаатар
_bУлсын хэвлэх үйлдвэр
_c1989
300 _a374х.
336 _2rdacontent
_atext
_btxt
337 _2rdamedia
_aunmediated
_bn
338 _2rdacarrier
_avolume
_bnc
942 _2NNA
_cBK
999 _c1012186
_d1012243